000 00234nam a2200097Ia 4500
008 240331s9999 xx 000 0 und d
082 _bSHA
100 _aSharma,I. ed
245 2 _aA decade in Nepalese women's lives 1996-2006
942 _cL
999 _c2414
_d2414